ბათუმის შოთა რუსთაველის სახელმწიფო უნივერსიტეტის ბიბლიოთეკა

ლაკური ზმნა: დრო-კილოთა სისტემა (ბიბ.ჩანაწერი № 51054)

000 -LEADER
fixed length control field 00789nam a2200229Ia 4500
001 - CONTROL NUMBER
control field 18011
003 - CONTROL NUMBER IDENTIFIER
control field GE_BSU
008 - FIXED-LENGTH DATA ELEMENTS--GENERAL INFORMATION
fixed length control field 181216s||||||||xx |||||||||||||| ||und||
040 ## - CATALOGING SOURCE
Transcribing agency GE_BSU
080 ## - UNIVERSAL DECIMAL CLASSIFICATION NUMBER
Universal Decimal Classification number 811.351.21'367.625
100 ## - MAIN ENTRY--PERSONAL NAME
Personal name ბურჭულაძე, გენადი
245 ## - TITLE STATEMENT
Title ლაკური ზმნა: დრო-კილოთა სისტემა
245 ## - TITLE STATEMENT
Statement of responsibility, etc. რედ.: ილ. ცერცვაძე
260 ## - PUBLICATION, DISTRIBUTION, ETC.
Place of publication, distribution, etc. თბილისი
260 ## - PUBLICATION, DISTRIBUTION, ETC.
Name of publisher, distributor, etc. მეცნიერება
260 ## - PUBLICATION, DISTRIBUTION, ETC.
Date of publication, distribution, etc. 1987
300 ## - PHYSICAL DESCRIPTION
Extent 177გვ. ; 21სმ
300 ## - PHYSICAL DESCRIPTION
Accompanying material ბიბლიოგრ.: 162-171.
520 ## - SUMMARY, ETC.
Summary, etc. რეზ. რუს. ენ.
653 ## - INDEX TERM--UNCONTROLLED
Uncontrolled term ლაკური ზმნა: დრო-კილოთა სისტემა
942 ## - ADDED ENTRY ELEMENTS (KOHA)
Koha item type წიგნი
ეგზემპლარები
Withdrawn status Lost status Damaged status Not for loan Date acquired Barcode Date last seen Price effective from Koha item type
        2018-12-17 45946-5ლ. 2018-12-17 2018-12-17 წიგნი
        2018-12-17 48587-3ლ.10თ. 2018-12-17 2018-12-17 წიგნი
        2018-12-17 48588-3ლ.10თ. 2018-12-17 2018-12-17 წიგნი
        2018-12-17 48589-3ლ.10თ. 2018-12-17 2018-12-17 წიგნი
        2018-12-17 48590-3ლ.10თ. 2018-12-17 2018-12-17 წიგნი